000
00315nam a22001337a 4500
008
170307b xxu||||| |||| 00| 0 eng d
020
_a
0721623387
041
_a
eng
080
_2
2ND
_a
611
100
_a
6
101
_a
SHM
245
_a
SMITH'S RECOGNIZABLE PATTERNS OF HUMAN DEFORMATION
_c
GRAHAM
942
_2
udc
_c
BK
999
_c
7012
_d
7012